01978nam a2200373Ia 4500001000700000003000500007008004100012010001100053040000900064082001700073245012800090260009500218300000900313500004100322505038200363650004600745650003400791700003700825700003600862700003200898700002800930700002600958710008200984901001701066902000601083910000901089942000601098942000701104999001901111952011101130952012601241952011101367952012601478Z_1597CHAP220113s1982 xx 000 0 und d a164684 cCHAP a636.0896 M36 aManual ilustrado para el conocimiento y diagnóstico de ciertas enfermedades de los animales /cJ. J. Calis... [et. al.] aMéxico :bComisión México-Americana para la Prevención de la Fiebre Aftosa,c1982 a2 v. aEl volumen 2 es una edicón de 1988 aEl v.2 es un complemento del v.1. Esta nueva publicaión trata sobre las enfermedades contenidas en el Manual de la Asociación de Saud Animal de loa Estados Unidos, revisado y publicado en l984 y que no fueron incluidos en el primer volumen. con el objetivo de que se tengan todas las enfermedades de los animales consideradas exóticas para Méxcio y los Estados Unidos. aPatología veterinariaxManuales9138739 aVeterinariaxManuales9138740 a Dardiri, A. H., coaut. 9138741 a Ferris, D. H., coaut. 9138742 a Mason John. coaut.9138743 a Wilder, F. W. 9138744 aCallis, J. J. 917556 aComisión México-Americana para la Prevención de la Fiebre Aftosa925755 a636.0896 M36 aM a1982 c1 cc1 c164684d164684 00102ddc40708GRALaZbZc1d2005-11-09hVolumen: 1 pz_0644r2022-01-18 00:00:00t1w2022-01-18yLIBRO 00102ddc40708GRALaZbZc1d2012-01-31hVolumen: 2 l1pz_2642r2024-10-24 20:44:43s2024-10-24t1w2022-01-18yLIBRO 00102ddc40708GRALaZbZc1d2012-01-31hVolumen: 1 pz_2643r2022-01-18 00:00:00t2w2022-01-18yLIBRO 00102ddc40708GRALaZbZc1d2012-01-31hVolumen: 1 l1pz_2644r2023-04-13 00:00:00s2023-04-13t3w2022-01-18yLIBRO